000 00811nam a2200241 a 4500
999 _c11383
_d11383
001 11383
003 BD-JhCC
005 20190919131017.0
008 190607b20062014bg a|||| ||a| 001 0 ben d
020 _a9789842003523
035 _a(BD-JhCC)11383
040 _aBD-JhCC
_dBD-JhCC
041 _aben
082 _bMAM 2014
_a954
100 _aমামুন, আবদুস সালাম
245 _aউপমহাদেশের আইন ও শাসনের ইতিহাস /
_cআবদুস সালাম মামুন ।
260 _aঢাকা:
_bঅ্যাডর্ন পাবলিকেশন;
_c২০১৪.
300 _a৪৫৫ পৃ. :
_bill;
_c২২ সেমি.
650 _aLaw
650 _aHistory
_zIndia
942 _2ddc
_cBK